Szczegóły MARC21

Lessing - Handbuch : Leben - Werk - Wirkung /

003 -Nazwa inst., której nr kontr. jest w polu 001 [,]
    • @
    • Nazwa instytucji, której n kontrolny jest w polu 001
    • NUKAT
005 -DATA I CZAS OSTATNIEJ MODYFIKACJI [,]
    • @
    • pole kontrolne
    • 20241231091717.0
020 -Międzynarod. znormalizowany nr książki - ISBN [ , ]
    • a
    • Numer ISBN
    • 9783476025777 Find
040 -Instytucja sporządzająca opis [ , ]
    • a
    • Instytucja, która sporządziła opis (NP)
    • KR 119/IK
    • b
    • Język katalogowania
    • pol
    • e
    • Zasady katalogowania
    • rda
    • c
    • Instytucja, która sporządziła rekord (NP)
    • KR 119/IKs
    • d
    • Instytucja, która zmodyfikowała rekord (P)
    • KR 119/IK
942 -Rodzaj dokumentu [ , ]
    • c
    • Rodzaj dokumentu
    • Książka
100 -Hasło główne - nazwa osobowa [1, ]
    • a
    • Nazwa osobowa (NP)
    • Fick, Monika
    • d
    • Daty biograficzne (NP)
    • (1958- ).
    • e
    • Rodzaj współpracy
    • Autor
    • 9
    • KHW
    • 741101
245 -Strefa tytułu i oznaczenia odpowiedzialności [1,0]
    • a
    • Tytuł
    • Lessing - Handbuch : Find
    • b
    • Ciąg dalszy tytułu (NP)
    • Leben - Werk - Wirkung / Find
    • c
    • Pozostałe elementy strefy tytułu i oznaczenia odpowiedzialności (NP)
    • Monika Fick.
250 -Strefa wydania [ , ]
    • a
    • Oznaczenie wydania (NP)
    • 4., aktualisierte und erweiterte Auflage.
260 -Strefa adresu wydawniczego [ , ]
    • a
    • Miejsce wydania (P)
    • Stuttgart :
    • b
    • Nazwa wydawcy (P)
    • J. B. Metzler Verlag,
    • c
    • Data wydania (P)
    • © 2016.
300 -Strefa opisu fizycznego [ , ]
    • a
    • Określenie formy książki i/lub objętość (NP)
    • XXI, [1], 593 strony ;
    • c
    • Format (NP)
    • 24 cm.
336 -Typ zawartości [ , ]
    • a
    • Termin opisujący typ zawartości
    • Tekst
    • b
    • Kod określający zawartość
    • txt
    • 2
    • Źródło (terminu i kodu)
    • rdacontent
337 -Typ mediów [ , ]
    • a
    • Tryb odtwarzania
    • Bez urządzenia pośredniczącego
    • b
    • Kod typu mediów
    • n
    • 2
    • Źródło (terminu i kodu)
    • rdamedia
338 -Typ/rodzaj nośnika [ , ]
    • a
    • Hasło opisujące typ nośnika
    • Wolumin
    • b
    • Kod typu nośnika
    • nc
    • 2
    • Źródło (terminu i kodu)
    • rdacarrier
504 -Uwaga dot. bibliogr. załącznikowej [ , ]
    • a
    • Uwaga dot. bibliografii załącznikowej
    • Bibliografia przy rozdziałach i strony 527-577. Indeksy.
600 -Hasło przedmiotowe w formie nazwy osobowej [1,7]
    • a
    • Nazwa osobowa
    • Lessing, Gotthold Ephraim
    • d
    • Daty związane z nazwą
    • (1729-1781).
    • 2
    • Źródło terminu
    • kaba
    • 9
    • KHW
    • 19639
648 -Hasło przedmiotowe - chronologia [ ,7]
    • a
    • Deskryptor chronologiczny
    • 1701-1800
    • 2
    • Źródło terminu
    • DBN
    • 9
    • KHW
    • 720982
650 -Hasło przedmiotowe [ ,7]
    • a
    • Hasło przedmiotowe
    • Pisarze niemieccy
    • 2
    • Źródło terminu
    • DBN
    • 9
    • KHW
    • 724251
650 -Hasło przedmiotowe [ ,7]
    • a
    • Hasło przedmiotowe
    • Poeci niemieccy
    • 2
    • Źródło terminu
    • DBN
    • 9
    • KHW
    • 738731
658 -Ujęcie treści [ , ]
    • a
    • dziedzina nauki i sztuki/ sfera aktywności życiowej
    • Literaturoznawstwo
710 -Hasło dodatkowe - nazwa ciała zbiorowego [2, ]
    • a
    • Nazwa ciała zbiorowego lub nazwa geograficzna jako pierwszy element (NP)
    • J. B. Metzlersche Buchhandlung.
    • e
    • Rodzaj współpracy
    • Wydawca
    • 4
    • Kod relacji
    • pbl
    • 9
    • KHW
    • 438784
920 -ISBN [ , ]
    • a
    • ISBN
    • 978-3-476-02577-7 Find
Lokalizacja Data inwentaryzacji Numer inwentarzowy Status udost. Sygnatura
BM2026-03-09G.220971GERM. Lit. niem. - oświecenie 09